| 000 | 00552nam a2200181 a 4500 | ||
|---|---|---|---|
| 001 | 000009303 | ||
| 005 | 20240412074210.0 | ||
| 008 | 090929s1947 dr r 000 p spa d | ||
| 040 |
_aDO-SdBNP _bspa _cBNPHU |
||
| 082 |
_aRD861.44 _bE18v |
||
| 100 | 1 |
_aEchavarria, Luz _924033 |
|
| 245 | 1 | 0 |
_aVoces perdidas / _cLuz Echavarria. |
| 260 |
_aCiudad Trujillo, República Dominicana : _bStella, _c1947. |
||
| 300 |
_a109 p. ; _c23 cm. |
||
| 650 | 0 |
_aPoesía dominicana _966 |
|
| 650 | 0 |
_aLiteratura dominicana. _967 |
|
| 910 | _aValidado. Control de calidad. MFF | ||
| 999 |
_c9064 _d9064 |
||